Los dos corazones del Paraguay : (Record no. 194831)
[ view plain ]
| 000 -LEADER | |
|---|---|
| campo de control de longitud fija | 01099nab a2200289 i 4500 |
| 001 - NÚMERO DE CONTROL | |
| campo de control | 194831 |
| 003 - IDENTIFICADOR DE NÚMERO DE CONTROL | |
| campo de control | ES-MaACL |
| 005 - FECHA Y HORA DE LA ÚLTIMA TRANSACCIÓN | |
| campo de control | 20240522143855.0 |
| 008 - DATOS DE LONGITUD FIJA--INFORMACIÓN GENERAL | |
| campo de control de longitud fija | 240517e1947 sp ||||| |||| 00| 0 spa d |
| 040 ## - FUENTE DE CATALOGACIÓN | |
| Lengua de catalogación | spa |
| Centro/agencia transcriptor | ES-MaACL |
| 080 ## - NÚMERO DE LA CLASIFICACIÓN DECIMAL UNIVERSAL | |
| Número de la Clasificación Decimal Universal | 94(892) |
| 100 1# - ENTRADA PRINCIPAL--NOMBRE DE PERSONA | |
| 9 (RLIN) | 47584 |
| Nombre de persona | Escohotado, Román, |
| Fechas asociadas al nombre | 1908-1970 |
| Término indicativo de función/relación | Autor |
| 245 14 - MENCIÓN DEL TÍTULO | |
| Título | Los dos corazones del Paraguay : |
| Resto del título | [texto de la conferencia pronunciada ... en el Ateneo de Madrid el día 9 de abril de 1947] / |
| Mención de responsabilidad, etc. | Román Escohotado |
| 260 ## - PUBLICACIÓN, DISTRIBUCIÓN, ETC. | |
| Lugar de publicación, distribución, etc. | Madrid, |
| Fecha de publicación, distribución, etc. | 1947 |
| 300 ## - DESCRIPCIÓN FÍSICA | |
| Extensión | P. 9- 37 |
| 336 ## - TIPO DE CONTENIDO | |
| Fuente | rdacontent |
| Término de tipo de contenido | texto |
| 337 ## - TIPO DE MEDIO | |
| Fuente | rdamedia |
| Nombre/término del tipo de medio | sin mediación |
| 338 ## - TIPO DE SOPORTE | |
| Fuente | rdacarrier |
| Nombre/término del tipo de soporte | volumen |
| 530 ## - NOTA DISPONIBLE DE FORMULARIO FÍSICO ADICIONAL | |
| Nota de formato físico adicional disponible | Disponible en formato digital |
| 610 24 - PUNTO DE ACCESO ADICIONAL DE MATERIA--NOMBRE DE ENTIDAD CORPORATIVA | |
| 9 (RLIN) | 1908 |
| Nombre de entidad corporativa o nombre de jurisdicción como elemento de entrada | Ateneo de Madrid- |
| Subdivisión de forma | Conferencias- |
| Subdivisión cronológica | 1940-1982 |
| 651 #7 - PUNTO DE ACCESO ADICIONAL DE MATERIA--NOMBRE GEOGRÁFICO | |
| 9 (RLIN) | 162829 |
| Nombre geográfico | Paraguay- |
| Subdivisión general | Historia |
| 773 ## - ASIENTO DE ITEM FUENTE | |
| Título | Revista nacional de educación, |
| Número Internacional Normalizado para Publicaciones Seriadas | ISSN 0210-2269, |
| Parte(s) relacionada(s) | 1947, n. 72, p. 9- 37 |
| Número bibliográfico anfitrión | 1970 |
| Número de ítem anfitrión | 2009 |
| Número de control del registro | 1970 |
| 856 ## - LOCALIZACIÓN Y ACCESO ELECTRÓNICOS | |
| Identificador Uniforme de Recursos | <a href="http://hdl.handle.net/11162/71968">http://hdl.handle.net/11162/71968</a> |
| Texto de enlace | Versión en línea |
| Nota pública | (Redined) |
| 942 ## - ELEMENTOS DE ENTRADA SECUNDARIOS (KOHA) | |
| Fuente del sistema de clasificación o colocación | Clasificación decimal universal |
| Tipo de ítem Koha | Artículo de revista |
| Suprimir en OPAC | No |
No items available.
